| 000 | 00495nam a2200133Ia 4500 | ||
|---|---|---|---|
| 008 | 200908s9999 xx 000 0 und d | ||
| 020 | _a978-971-98-1071-1 | ||
| 100 | _aMacayan, Jonathan Veran | ||
| 245 |
_cJonathan Veran Macayan, Jasmine Nadja Junghan-Pinugu, John Christopher Dimasaka Castillo _aUnderstanding the self: _boutcome-based module/ |
||
| 260 |
_aQuezon City: _bC and E Publishing, Inc. _c2019 |
||
| 300 |
_avii, 285 pages _c22 cm. |
||
| 650 | _aHuman behavior | ||
| 650 | _aPsychology | ||
| 999 |
_c364140 _d364140 |
||